[Event "AUTO-ELITE-1376"]
[Site "http://www.queenalice.com/game.php?id=1347189"]
[Date "2015.3.12"]
[Round "2"]
[White "greggy"]
[Black "docjan"]
[Result "1-0"]
[WhiteElo "2659"]
[BlackElo "2428"]

1. d4 d5 2. c4 e6 3. Nc3 Nf6 4. Nf3 Be7 5. Bg5 O-O 6. e3 Nbd7 7. cxd5 exd5 8.
Bd3 c6 9. h3 Ne4 10. Bf4 Ndf6 11. O-O h6 12. Ne5 Bf5 13. Qb3 Qc8 14. Rfe1 Nd6
15. Rad1 Re8 16. Bxf5 Qxf5 17. Nd3 Nfe4 18. Nxe4 dxe4 19. Nc5 b6 20. Na4 Rac8
21. Nc3 Nb7 22. Qa4 a5 23. Rc1 Bb4 24. Red1 b5 25. Qb3 Bd6 26. Bxd6 Nxd6 27. a4
b4 28. Ne2 Qd7 29. Rd2 Re6 30. Rdc2 Rf6 31. Rc5 Nb7 32. Re5 Re8 33. Rxe8+ Qxe8
34. Ng3 Re6 35. h4 Qe7 36. Qc4 Kh7 37. h5 Qd7 38. b3 Kg8 39. Qc2 g6 40. hxg6
fxg6 41. Nxe4 Kg7 42. Nc5 Nxc5 43. Qxc5 Qd8 44. Qa7+ Re7 45. Qa6 Qd5 46. Rxc6
Qf5 47. Qc4 Rd7 48. Rc5 Qb1+ 49. Kh2 Qe4 50. Qc2 Qxc2 51. Rxc2 1-0

[Event "AUTO-ELITE-1526"]
[Site "http://www.queenalice.com/game.php?id=1372284"]
[Date "2015.7.19"]
[Round "1"]
[White "docjan"]
[Black "favelas1"]
[Result "1-0"]
[WhiteElo "2433"]
[BlackElo "2189"]

1. e4 c5 2. Nf3 Nc6 3. d4 cxd4 4. Nxd4 Nf6 5. Nc3 d6 6. Be2 e6 7. Be3 Be7 8. Qd2
Bd7 9. Ndb5 d5 10. exd5 exd5 11. Nxd5 Nxd5 12. Qxd5 Nb4 13. Qb3 O-O 14. O-O Bc6
15. Rfd1 Qc8 16. c3 Nd5 17. Rxd5 Bxd5 18. Qxd5 Rd8 19. Qe4 Bf6 20. Nxa7 Rxa7 21.
Bxa7 Rd2 22. Bg4 1-0

[Event "AUTO-ELITE-1526"]
[Site "http://www.queenalice.com/game.php?id=1372285"]
[Date "2015.7.19"]
[Round "1"]
[White "favelas1"]
[Black "docjan"]
[Result "0-1"]
[WhiteElo "2188"]
[BlackElo "2436"]

1. d4 Nf6 2. c4 e6 3. Nf3 d5 4. Nc3 Be7 5. g3 O-O 6. b3 c5 7. Bg2 cxd4 8. Nxd4
e5 9. Nc2 d4 10. Nd5 Nxd5 11. cxd5 Bf5 12. e4 Bg6 13. O-O Nd7 14. f4 f6 15. f5
Be8 16. Ba3 Nc5 17. Rf2 Rc8 18. Rc1 Nd3 19. Bxe7 Nxf2 20. Kxf2 Qxe7 21. Bf1 Rc3
22. Bd3 Qc5 23. g4 a5 24. Qd2 Bb5 25. Bxb5 Qxb5 26. Na3 Qc5 0-1

[Event "AUTO-ELITE-1526"]
[Site "http://www.queenalice.com/game.php?id=1372286"]
[Date "2015.7.19"]
[Round "1"]
[White "docjan"]
[Black "Sexxy_Bunny"]
[Result "0-1"]
[WhiteElo "2439"]
[BlackElo "2696"]

1. d4 Nf6 2. c4 e6 3. Nf3 d5 4. Bf4 dxc4 5. e3 Bb4+ 6. Nbd2 b5 7. Be2 c6 8. O-O
Nd5 9. Bg3 c3 10. bxc3 Nxc3 11. Qe1 Nxe2+ 12. Qxe2 O-O 13. Rfd1 Nd7 14. a3 Be7
15. Rdc1 Bb7 16. Ne4 Nf6 17. Nc5 Bxc5 18. Rxc5 Ne4 19. Bh4 f6 20. Nd2 Nxc5 21.
dxc5 Qd5 0-1

[Event "AUTO-ELITE-1526"]
[Site "http://www.queenalice.com/game.php?id=1372287"]
[Date "2015.7.19"]
[Round "1"]
[White "Sexxy_Bunny"]
[Black "docjan"]
[Result "1-0"]
[WhiteElo "2701"]
[BlackElo "2444"]

1. e4 c5 2. Nf3 Nc6 3. d4 cxd4 4. Nxd4 e5 5. Nb5 d6 6. c4 Be7 7. N1c3 a6 8. Na3
Nf6 9. Be2 Be6 10. Be3 O-O 11. O-O Rc8 12. Rc1 Qd7 13. Qd2 Bd8 14. Nc2 Ba5 15.
f3 Nb4 16. Nxb4 Bxb4 17. a3 Bc5 18. Bxc5 Rxc5 19. b3 Nh5 20. Rfd1 Rd8 21. g3 Nf6
22. f4 Bh3 23. b4 Rcc8 24. fxe5 dxe5 25. Qg5 Qe6 26. Rxd8+ Rxd8 27. Nd5 Rd6 28.
Rd1 Nxe4 29. Qh4 Bf5 30. Ne7+ Kf8 31. Nxf5 Qxf5 32. Rf1 Qg6 33. Bh5 Qh6 34.
Rxf7+ Kg8 35. Qxe4 Qxh5 36. Rf2 Rf6 37. Qd5+ Qf7 38. Rd2 Qxd5 39. Rxd5 e4 40.
Re5 Rf3 41. Rxe4 Rxa3 42. Re8+ Kf7 43. Rb8 b5 44. cxb5 axb5 45. g4 Ra2 46. Rxb5
Rb2 47. Rb6 h6 48. h3 Rb3 49. Kg2 Rb2+ 50. Kf3 Rb3+ 51. Ke4 Rxh3 52. Kf5 Rf3+
53. Ke5 Rg3 54. Rb7+ Kg6 55. b5 Rxg4 56. b6 h5 57. Kd5 h4 58. Rb8 Rb4 59. Kc6
Kf5 60. b7 1-0

[Event "Challenge"]
[Site "http://www.queenalice.com/game.php?id=1372316"]
[Date "2015.7.20"]
[Round "-"]
[White "docjan"]
[Black "mmagari"]
[Result "1-0"]
[WhiteElo "2425"]
[BlackElo "2407"]

1. e4 g6 2. d4 c6 3. Nf3 d5 4. e5 Bg7 5. Bd3 Nh6 6. O-O O-O 7. h3 f6 8. exf6
exf6 9. c4 dxc4 10. Bxc4+ Kh8 11. Bf4 Nd7 12. Nc3 Nb6 13. Bb3 g5 14. Bg3 Nf5 15.
Bh2 Ne7 16. Ne4 1-0

[Event "AUTO-ELITE-1561"]
[Site "http://www.queenalice.com/game.php?id=1386878"]
[Date "2015.10.2"]
[Round "1"]
[White "kookaburra"]
[Black "docjan"]
[Result "0-1"]
[WhiteElo "2239"]
[BlackElo "2440"]

1. e4 e5 2. Nf3 Nc6 3. Bb5 Nd4 4. Nxd4 exd4 5. O-O c6 6. Be2 d5 7. d3 Bd6 8. f4
Ne7 9. Nd2 O-O 10. Nf3 dxe4 11. dxe4 c5 12. b3 Nc6 13. Bd2 f6 14. Bc4+ Kh8 15.
Nh4 Qe8 16. Qf3 Be6 17. Bd3 a6 18. Rae1 b5 19. Nf5 Bc7 20. Rf2 c4 21. Bf1 c3 22.
Bc1 Bxf5 23. Rfe2 Bd7 24. g3 Bb6 25. Kh1 Nb4 26. Ba3 a5 27. Bg2 d3 28. cxd3 Qc8
29. f5 Bc6 30. g4 Qd7 31. h4 Qxd3 32. Qxd3 Nxd3 33. Bxf8 Nxe1 0-1

[Event "AUTO-ELITE-1561"]
[Site "http://www.queenalice.com/game.php?id=1386879"]
[Date "2015.10.2"]
[Round "1"]
[White "docjan"]
[Black "kookaburra"]
[Result "1-0"]
[WhiteElo "2436"]
[BlackElo "2245"]

1. e4 d5 2. exd5 Nf6 3. d4 Qxd5 4. Nc3 Qd6 5. Nf3 e6 6. Bc4 a6 7. O-O b5 8. Bd3
Bb7 9. Qe2 Nbd7 10. a4 b4 11. Ne4 Qc6 12. Ned2 Bd6 13. Nc4 Qd5 14. Re1 Qh5 15.
Nxd6+ cxd6 16. Bf4 Bxf3 17. gxf3 e5 18. dxe5 dxe5 19. Bxa6 O-O 20. Bg3 Nc5 21.
Bc4 Nxa4 22. Qxe5 Qxf3 23. Bf1 Rfe8 24. Qb5 Rxe1 25. Rxe1 Nxb2 26. Qxb4 Rc8 27.
Qxb2 h5 28. Qb3 Qg4 29. Re7 Rf8 30. h3 Qg5 31. h4 Qc5 32. Rc7 1-0

[Event "AUTO-ELITE-1574"]
[Site "http://www.queenalice.com/game.php?id=1391211"]
[Date "2015.10.28"]
[Round "1"]
[White "Constante"]
[Black "docjan"]
[Result "0-1"]
[WhiteElo "2343"]
[BlackElo "2412"]

1. Nc3 d5 2. e4 d4 3. Nce2 e5 4. Ng3 Be6 5. Nf3 f6 6. c3 d3 7. Nxe5 fxe5 8. Qh5+
Bf7 9. Qxe5+ Ne7 10. Qb5+ Nd7 11. Qxd3 h5 12. Qe2 h4 13. Nf5 Nxf5 14. exf5+ Qe7
15. Qxe7+ Bxe7 16. d4 Bd5 17. h3 O-O-O 18. f3 Rhe8 19. Kd1 c5 20. c4 Bg8 21. d5
Bh7 22. Bd3 Ne5 23. Be4 Nxc4 24. b3 Nd6 25. Re1 Nxe4 26. fxe4 Bf6 27. Rb1 Rxe4
0-1

[Event "AUTO-ELITE-1574"]
[Site "http://www.queenalice.com/game.php?id=1391212"]
[Date "2015.10.28"]
[Round "1"]
[White "docjan"]
[Black "Constante"]
[Result "1-0"]
[WhiteElo "2447"]
[BlackElo "2328"]

1. e4 c6 2. d4 d5 3. e5 Bf5 4. Nf3 Nd7 5. Nh4 Bg6 6. Nxg6 hxg6 7. e6 Ndf6 8. Nd2
Qd6 9. exf7+ Kxf7 10. Nf3 Ne4 11. Ne5+ Ke8 12. Bd3 Qe6 13. f3 Nd6 14. O-O Qf6
15. g4 Qh4 16. Qe2 Qf6 17. Bxg6+ Kd8 18. g5 1-0

[Event "AUTO-ELITE-1574"]
[Site "http://www.queenalice.com/game.php?id=1391219"]
[Date "2015.10.28"]
[Round "1"]
[White "docjan"]
[Black "grotegeest"]
[Result "0-1"]
[WhiteElo "2419"]
[BlackElo "2507"]

1. e4 c5 2. Nf3 d6 3. d4 cxd4 4. Nxd4 Nf6 5. Nc3 g6 6. Be3 Bg7 7. f3 O-O 8. Qd2
Nc6 9. O-O-O d5 10. Qe1 e5 11. Nxc6 bxc6 12. exd5 Nxd5 13. Bc4 Be6 14. Ne4 Qc7
15. Bc5 Rfd8 16. h4 Nf4 17. Bxe6 Rxd1+ 18. Qxd1 Nxe6 19. Be3 Rb8 20. Qd6 Qb7 21.
b3 Rd8 0-1

[Event "AUTO-ELITE-1574"]
[Site "http://www.queenalice.com/game.php?id=1391220"]
[Date "2015.10.28"]
[Round "1"]
[White "grotegeest"]
[Black "docjan"]
[Result "1-0"]
[WhiteElo "2528"]
[BlackElo "2391"]

1. e4 c5 2. Nf3 d6 3. d4 cxd4 4. Nxd4 Nf6 5. Nc3 a6 6. Bg5 e6 7. f4 Qb6 8. Qd2
Qxb2 9. Rb1 Qa3 10. e5 dxe5 11. fxe5 Nfd7 12. Ne4 h6 13. Bh4 Qxa2 14. Rd1 Qd5
15. Qe3 Qxe5 16. Be2 Bc5 17. Bg3 Bxd4 18. Rxd4 Qa5+ 19. Rd2 O-O 20. Bd6 Re8 21.
O-O Nc6 22. Qg3 f5 23. Qg6 Qd8 24. Rd3 Re7 25. Rg3 1-0

[Event "Challenge"]
[Site "http://www.queenalice.com/game.php?id=1391224"]
[Date "2015.10.28"]
[Round "-"]
[White "jpribeiro"]
[Black "docjan"]
[Result "0-1"]
[WhiteElo "2166"]
[BlackElo "2453"]

1. e4 e5 2. Nf3 Nc6 3. Bb5 a6 4. Ba4 Nf6 5. d3 b5 6. Bb3 Be7 7. Nc3 d6 8. h3 Na5
9. Bg5 O-O 10. Bxf6 Bxf6 11. O-O Nxb3 12. axb3 Bb7 13. Qd2 c5 14. Ne2 d5 15. Nc3
d4 16. Ne2 Rc8 17. Qa5 Qd7 18. Ra2 Bd8 19. Qd2 f5 20. Nxe5 Qe6 21. Nf3 fxe4 22.
dxe4 Bxe4 23. Ne1 Bb7 24. Nd3 Bc7 25. f4 Bb6 26. Ne5 c4 27. Kh1 Qxh3+ 0-1

[Event "Challenge"]
[Site "http://www.queenalice.com/game.php?id=1391375"]
[Date "2015.10.29"]
[Round "-"]
[White "Marquinhos"]
[Black "docjan"]
[Result "1-0"]
[WhiteElo "2517"]
[BlackElo "2441"]

1. d4 Nf6 2. Nf3 d5 3. c4 e6 4. Nc3 Nbd7 5. Bg5 Be7 6. e3 h6 7. Bf4 O-O 8. Rc1
c5 9. cxd5 Nxd5 10. Nxd5 exd5 11. dxc5 Nxc5 12. a3 Bf5 13. Be2 Ne6 14. Bg3 Bf6
15. Be5 Be4 16. Bxf6 Qxf6 17. Qd2 d4 18. O-O Rfd8 19. exd4 Bxf3 20. Bxf3 Nxd4
21. Qe3 a6 22. Be4 Rd7 23. Rfe1 Rad8 24. g3 b5 25. b4 Re7 26. Kg2 g6 27. Rcd1
1-0

[Event "Challenge"]
[Site "http://www.queenalice.com/game.php?id=1391702"]
[Date "2015.10.31"]
[Round "-"]
[White "masam2014"]
[Black "docjan"]
[Result "0-1"]
[WhiteElo "1502"]
[BlackElo "2455"]

1. d4 Nf6 2. c4 g6 3. Nf3 d5 4. e3 Bg7 5. Be2 O-O 6. O-O c5 7. Nc3 cxd4 8. Qxd4
Nc6 9. Qd2 dxc4 10. Bxc4 Qc7 11. b3 Ne4 12. Nxe4 Bxa1 0-1

[Event "Challenge"]
[Site "http://www.queenalice.com/game.php?id=1391703"]
[Date "2015.10.31"]
[Round "-"]
[White "docjan"]
[Black "masam2014"]
[Result "0-1"]
[WhiteElo "2456"]
[BlackElo "1475"]

1. e4 c5 2. Nf3 Nc6 3. d4 cxd4 4. Nxd4 d6 5. Nc3 Nf6 6. Bg5 g6 7. Bxf6 exf6 8.
Bb5 Bd7 9. Qd2 Bg7 10. O-O-O O-O 11. Nxc6 Bxc6 12. Bxc6 bxc6 13. Qxd6 Qxd6 14.
Rxd6 Rac8 15. Rhd1 f5 16. exf5 Bxc3 17. bxc3 gxf5 0-1

[Event "AUTO-ELITE-1598"]
[Site "http://www.queenalice.com/game.php?id=1399825"]
[Date "2015.12.21"]
[Round "1"]
[White "docjan"]
[Black "Trex"]
[Result "0-1"]
[WhiteElo "2403"]
[BlackElo "2336"]

1. e4 c5 2. Nf3 g6 3. d4 cxd4 4. Nxd4 Bg7 5. Nc3 Nc6 6. Be3 Nf6 7. f3 O-O 8. Bc4
Qb6 9. Bb3 Nxe4 10. Nd5 Qa5+ 11. c3 Nf6 12. Nxc6 bxc6 0-1